Normal view
MARC view
Entry Personal Name
001 - CONTROL NUMBER
- control field: 30208
003 - CONTROL NUMBER IDENTIFIER
- control field: dpl
005 - DATE AND TIME OF LATEST TRANSACTION
- control field: 20110727144144.0
008 - FIXED-LENGTH DATA ELEMENTS
- fixed length control field: 110727|||a|||||| | ||| d
040 ## - CATALOGING SOURCE
- Original cataloging agency: dpl
- Transcribing agency: dpl
100 ## - HEADING--PERSONAL NAME
- Personal name: बद्दन, बलदेव सिंह
670 ## - SOURCE DATA FOUND
- Source citation: Work cat.: (dpl): बद्दन, बलदेव सिंह, छुटकारा /, 2011
670 ## - SOURCE DATA FOUND
- Source citation: Work cat.: (dpl): बद्दन, बलदेव सिंह, छुटकारा /, 2011
